| 000 | 00925nam a2200253 i 4500 | ||
|---|---|---|---|
| 001 | bgj | ||
| 100 | 1 | _aCONNOR, Ulla | |
| 245 | 1 | 0 |
_aContrastive rhetoric : _bcross-cultural aspects of second-language writing / _cUlla Connor. |
| 260 |
_aCambridge [etc.] : _bCambridge Univ. Press, _c1996. |
||
| 300 |
_aXV, 201 pp : _bfig. ; _c23 cm. |
||
| 490 | 1 | _aThe Cambridge applied linguistics / Michael H. Long and Jack C. Richards, series ed. | |
| 504 | _aBibliography pp. 175-194. | ||
| 505 | _aIncludes indexes. | ||
| 650 | 9 |
_aLanguage and languages _xRhetoric _xStudy and teaching |
|
| 650 | 9 | _aContrastive |linguistics | |
| 650 | 9 | _aLanguages and |culture | |
| 830 | 0 | _aThe Cambridge applied linguistics (Michael H. Long and Jack C. Richards, series ed.) | |
| 020 | _a0521446880 (pbk) | ||
| 040 | _cBPK | ||
| 041 | 0 | _aeng | |
| 920 | _a0-521-44688-0 (pbk) | ||
| 942 | _cKS | ||
| 008 | s uk f |000 0 eng | ||
| 999 |
_c48157 _d48157 |
||
| 856 |
_uhttp://koha.tu.koszalin.pl/cgi-bin/koha/opac-detail.pl?biblionumber=48157 _yKatalog online BPK |
||